000
00382nam a22001697a 4500
003
MPLRDC
005
20220104144410.0
008
210129b ||||| |||| 00| 0 eng d
082
_a
953.3 HYZ
100
_a
何允中编
245
_a
人像摄影
_c
260
_a
_b
世界出版社
_c
300
_b
平
490
_a
世界摄影丛书
650
_a
942
_c
BK
_o
953.3 HYZ
999
_c
49236
_d
49226